[Event "ODEM U25B 2012"]
[Site "Oberhof GER"]
[Date "2012.06.02"]
[Round "9"]
[White "Mönster, Michel"]
[Black "Hoffmann, Rasmus"]
[Result "0-1"]
[Termination "normal"]
[Board "28"]
[WhiteElo "988"]
[BlackElo "1151"]
[PlyCount "148"]
[WhiteFideId "12947164"]
[EventCountry "GER"]
[EventRounds "9"]
[EventType "swiss"]
[EventDate "2012.05.26"]

1. d4 d5 2. Nf3 Bf5 3. e3 e6 4. Bd3 Bxd3 5. Qxd3 Nd7 6. O-O Ngf6 7. Nbd2 Be7 8.
c4 c6 9. cxd5 cxd5 10. e4 O-O 11. e5 Ne8 12. Re1 Qb6 13. Nf1 f6 14. Ng3 Nc7 15.
exf6 Nxf6 16. Ng5 g6 17. Bf4 Nfe8 18. Qd2 Bb4 19. Qe3 Bxe1 20. Rxe1 Ng7 21.
Bxc7 Qxc7 22. Nxe6 Nxe6 23. Qxe6+ Qf7 24. Qxf7+ Rxf7 25. Re5 Rd8 26. Ne2 a6 27.
Nc3 Rfd7 28. a4 Kg7 29. g3 Kf6 30. Kg2 h6 31. f4 g5 32. f5 Kf7 33. g4 Kf6 34.
Re6+ Kg7 35. Kg3 Rf8 36. Re5 Rfd8 37. h3 Kf7 38. Kf3 Kf6 39. Re6+ Kg7 40. Re5
Kf7 41. Re6 Rd6 42. Re5 R6d7 43. Re6 Rd6 44. Re5 R8d7 45. Kg3 Re7 46. Rxe7+
Kxe7 47. b4 Kd7 48. h4 Kc6 49. hxg5 hxg5 50. b5+ axb5 51. axb5+ Kb6 52. f6 Rd8
53. f7 Rf8 54. Nxd5+ Kxb5 55. Nc7+ Kc4 56. Ne6 Rxf7 57. Nxg5 Re7 58. Nf3 b5 59.
g5 b4 60. Kg4 Kc3 61. d5 b3 62. d6 Rd7 63. g6 Rxd6 64. Kh5 Rxg6 65. Kxg6 b2 66.
Ne5 b1=Q+ 67. Kh6 Kd4 68. Nf3+ Kd5 69. Ng5 Ke5 70. Nf3+ Kf6 71. Nh4 Qe1 72. Kh7
Qe4+ 73. Ng6 Qxg6+ 74. Kh8 Qg7# 0-1

[Event "ODEM U25B 2012"]
[Site "Oberhof GER"]
[Date "2012.06.02"]
[Round "9"]
[White "Zebandt, Manuel"]
[Black "Huruglica, Emre"]
[Result "0-1"]
[Termination "normal"]
[Board "29"]
[WhiteElo "985"]
[BlackElo "1103"]
[PlyCount "110"]
[EventCountry "GER"]
[EventRounds "9"]
[EventType "swiss"]
[EventDate "2012.05.26"]

1. e4 e5 2. Nf3 Nc6 3. Nc3 Bc5 4. Bc4 Nf6 5. d3 d6 6. Bg5 Be6 7. Bd5 Qd7 8. O-O
Nd4 9. Nxd4 Bxd4 10. Bxb7 Rb8 11. Ba6 Rxb2 12. Bd2 Rb6 13. Rb1 O-O 14. Rxb6
axb6 15. Qe1 Ra8 16. Bb5 c6 17. Ba4 b5 18. Bb3 d5 19. exd5 Bxd5 20. Bxd5 Nxd5
21. Nxd5 Qxd5 22. c3 Bc5 23. Qe2 Rxa2 24. Re1 b4 25. c4 Qd4 26. Qe3 Qxe3 27.
Bxe3 Bxe3 28. fxe3 b3 29. Rb1 b2 30. Kf2 f5 31. d4 exd4 32. exd4 Kf7 33. Kf3
Kf6 34. Ke2 f4 35. Kd2 Kf5 36. Kc2 Ke4 37. Rxb2 Rxb2+ 38. Kxb2 Kxd4 39. Kb3 c5
40. Kb2 Kd3 41. Kb3 g5 42. h3 h5 43. Kb2 g4 44. hxg4 hxg4 45. Kc1 Ke2 46. Kc2
f3 47. gxf3 gxf3 48. Kc3 f2 49. Kc2 f1=Q 50. Kb3 Kd3 51. Ka4 Qb1 52. Ka5 Kxc4
53. Ka6 Kd5 54. Ka5 Kc6 55. Ka4 Qb4# 0-1

[Event "ODEM U25B 2012"]
[Site "Oberhof GER"]
[Date "2012.06.02"]
[Round "9"]
[White "Janke, Luisa"]
[Black "Hacklinger, Leon"]
[Result "1-0"]
[Termination "normal"]
[Board "30"]
[WhiteElo "1154"]
[BlackElo "877"]
[PlyCount "82"]
[WhiteFideId "12925225"]
[BlackFideId "16205111"]
[EventCountry "GER"]
[EventRounds "9"]
[EventType "swiss"]
[EventDate "2012.05.26"]

1. e4 e6 2. d4 d5 3. exd5 exd5 4. Nd2 Nc6 5. Ngf3 Bd6 6. Nb3 Bg4 7. Be2 Nf6 8.
O-O O-O 9. h3 Bh5 10. Bg5 h6 11. Bh4 Be7 12. Ne5 Bxe2 13. Qxe2 Qd6 14. Bg3 Nxe5
15. dxe5 Qe6 16. Nd4 Qb6 17. exf6 Bxf6 18. Nf5 Rfe8 19. Qg4 Bxb2 20. Rab1 Qf6
21. Bh4 Qc3 22. Rfd1 Qxc2 23. Ne3 Qc3 24. Nxd5 Qe5 25. Nf6+ Kh8 26. Nxe8 Rxe8
27. Rd8 Rxd8 28. Bxd8 c5 29. Qc8 Qe4 30. Bf6+ Kh7 31. Rxb2 gxf6 32. Qxb7 Qe1+
33. Kh2 Kg6 34. Qf3 Qe5+ 35. Qg3+ Qxg3+ 36. fxg3 Kf5 37. Rb5 Ke6 38. Rxc5 Kd6
39. Rh5 Kc7 40. Rxh6 Kb7 41. Rxf6 a5 1-0

[Event "ODEM U25B 2012"]
[Site "Oberhof GER"]
[Date "2012.06.02"]
[Round "9"]
[White "Weiten, Anna"]
[Black "Karge, Ole Jannes"]
[Result "0-1"]
[Termination "normal"]
[Board "31"]
[WhiteElo "1008"]
[BlackElo "1090"]
[PlyCount "78"]
[WhiteFideId "12938203"]
[BlackFideId "12957267"]
[EventCountry "GER"]
[EventRounds "9"]
[EventType "swiss"]
[EventDate "2012.05.26"]

1. e4 c5 2. d4 cxd4 3. c3 dxc3 4. Nxc3 d6 5. Nf3 Nc6 6. Bc4 Nf6 7. O-O Bg4 8.
h3 Bh5 9. Bf4 e6 10. Rc1 Be7 11. Qd3 O-O 12. Rfe1 e5 13. Bg3 Bxf3 14. Qxf3 Nd4
15. Qe3 Rc8 16. Nd5 Nxd5 17. exd5 Bg5 18. Qe4 f5 19. Qd3 Bxc1 20. Rxc1 b5 21.
b3 bxc4 22. bxc4 f4 23. Bh2 Rc5 24. f3 Qc7 25. Kf2 Rc8 26. Kg1 Rxc4 27. Rxc4
Qxc4 28. Qxc4 Rxc4 29. Kf2 Rc2+ 30. Kf1 Rxa2 31. h4 a5 32. h5 a4 33. Kg1 Re2
34. Kf1 a3 35. Kg1 a2 36. Kh1 a1=Q+ 37. Bg1 Re1 38. Kh2 Rxg1 39. h6 Rh1# 0-1

[Event "ODEM U25B 2012"]
[Site "Oberhof GER"]
[Date "2012.06.02"]
[Round "9"]
[White "Koll, Linus"]
[Black "Matuschak, Henry"]
[Result "1-0"]
[Termination "normal"]
[Board "32"]
[WhiteElo "1052"]
[BlackElo "1034"]
[PlyCount "121"]
[WhiteFideId "12990299"]
[EventCountry "GER"]
[EventRounds "9"]
[EventType "swiss"]
[EventDate "2012.05.26"]

1. e4 e5 2. Nf3 Nc6 3. Bc4 Nf6 4. Ng5 d5 5. exd5 Na5 6. Bb5+ Bd7 7. Bxd7+ Nxd7
8. Nf3 Nf6 9. Nc3 Bb4 10. a3 Bxc3 11. dxc3 O-O 12. O-O Nxd5 13. Nxe5 Re8 14.
Nf3 Nc6 15. Bg5 Qd7 16. c4 Nb6 17. Qxd7 Nxd7 18. b3 h6 19. Bf4 Rac8 20. Rfe1
Rxe1+ 21. Rxe1 Kf8 22. h3 Ne7 23. Be3 Re8 24. Bxa7 b6 25. Bxb6 cxb6 26. Ne5 Nc6
27. Nd3 Rxe1+ 28. Nxe1 Ke7 29. Kf1 Nd4 30. f3 Kd6 31. Kf2 f6 32. Ke3 Ke5 33.
f4+ Kf5 34. Kxd4 Kxf4 35. b4 Kf5 36. a4 Ke6 37. a5 bxa5 38. bxa5 Nb8 39. Kc5
Kd7 40. Kb6 Nc6 41. a6 f5 42. a7 Nxa7 43. Kxa7 Kc6 44. Kb8 Kc5 45. Kc7 Kxc4 46.
Kd7 Kd4 47. Ke6 Ke4 48. c4 Kd4 49. Kxf5 Kxc4 50. Kg6 Kd4 51. Kxg7 Ke3 52. Kxh6
Kf2 53. g4 Kg3 54. g5 Kxh3 55. g6 Kg4 56. g7 Kg3 57. g8=Q+ Kf2 58. Qg2+ Ke3 59.
Nc2+ Kf4 60. Ne3 Kxe3 61. Qg4 1-0

[Event "ODEM U25B 2012"]
[Site "Oberhof GER"]
[Date "2012.06.02"]
[Round "9"]
[White "Dathe, Frederick"]
[Black "Gazizova, Alina"]
[Result "1-0"]
[Termination "normal"]
[Board "33"]
[WhiteElo "1036"]
[BlackElo "767"]
[PlyCount "65"]
[WhiteFideId "12963070"]
[BlackFideId "12951366"]
[EventCountry "GER"]
[EventRounds "9"]
[EventType "swiss"]
[EventDate "2012.05.26"]

1. e4 c5 2. Nf3 d6 3. d4 cxd4 4. Nxd4 Nf6 5. Nc3 a6 6. Bd3 e6 7. Be3 Nbd7 8. f3
Be7 9. Qd2 Rb8 10. O-O-O O-O 11. Qf2 b5 12. Nc6 Qc7 13. Nxb8 Qxb8 14. Qg3 Nh5
15. Qf2 Bf6 16. Bd4 e5 17. Be3 g6 18. Nd5 b4 19. g4 Ng7 20. g5 Bd8 21. f4 a5
22. f5 gxf5 23. exf5 f6 24. g6 Bb7 25. Bc4 hxg6 26. Nxf6+ Kh8 27. Nxd7 Qc7 28.
Nxf8 Bxh1 29. Nxg6+ Kh7 30. Rxh1 Qxc4 31. f6 Ne8 32. f7 Qe6 33. Nf8+ 1-0

[Event "ODEM U25B 2012"]
[Site "Oberhof GER"]
[Date "2012.06.02"]
[Round "9"]
[White "Riehle, Fabio"]
[Black "Kobald, Pierre"]
[Result "1-0"]
[Termination "normal"]
[Board "34"]
[WhiteElo "1129"]
[BlackElo "869"]
[PlyCount "75"]
[WhiteFideId "36052140"]
[BlackFideId "12983659"]
[EventCountry "GER"]
[EventRounds "9"]
[EventType "swiss"]
[EventDate "2012.05.26"]

1. e4 c5 2. Nf3 g6 3. d4 cxd4 4. Nxd4 Bg7 5. Nc3 Nc6 6. Be3 d6 7. Bb5 Bd7 8.
Qd2 a6 9. Nxc6 bxc6 10. Ba4 Qa5 11. O-O Qh5 12. Bd4 e5 13. Bb6 Nf6 14. Qxd6 Qg5
15. Bc5 Bf8 16. Qc7 Bxc5 17. Bxc6 Rc8 18. Bxd7+ Nxd7 19. Qxc8+ Qd8 20. Qxd8+
Kxd8 21. Rad1 Ke7 22. Nd5+ Ke6 23. b4 Bb6 24. Nxb6 Nxb6 25. Rd3 f5 26. exf5+
gxf5 27. Rfd1 Nc4 28. a3 Nb2 29. Rd6+ Ke7 30. Rd7+ Kf8 31. Rd8+ Kg7 32. R1d7+
Kf6 33. Rxh8 e4 34. Rhxh7 f4 35. Rd6+ Kf5 36. Rh5+ Kg4 37. Rdd5 f3 38. h3+ 1-0

[Event "ODEM U25B 2012"]
[Site "Oberhof GER"]
[Date "2012.06.02"]
[Round "9"]
[White "Lilienthal, Niels Bennett"]
[Black "Reuker, Ronja"]
[Result "1-0"]
[Termination "normal"]
[Board "35"]
[WhiteElo "928"]
[BlackElo "825"]
[PlyCount "55"]
[WhiteFideId "16205421"]
[BlackFideId "12947172"]
[EventCountry "GER"]
[EventRounds "9"]
[EventType "swiss"]
[EventDate "2012.05.26"]

1. e4 e5 2. Nf3 Nc6 3. Bb5 d6 4. Nc3 Bd7 5. d3 Nf6 6. O-O Be7 7. Be3 O-O 8. Re1
a6 9. Bxc6 Bxc6 10. Bg5 h6 11. Bxf6 Bxf6 12. d4 exd4 13. Nxd4 Bd7 14. Qd3 Be5
15. Nf3 Bf4 16. Nd5 Bg5 17. Nxg5 Qxg5 18. Qg3 Qg6 19. Ne7+ Kh7 20. Nxg6 fxg6
21. Rad1 Rae8 22. e5 dxe5 23. Rxd7 e4 24. f3 exf3 25. Rxe8 Rxe8 26. Qxf3 Re1+
27. Kf2 Ra1 28. Qf7 1-0

[Event "ODEM U25B 2012"]
[Site "Oberhof GER"]
[Date "2012.06.02"]
[Round "9"]
[White "Kung, Fanny"]
[Black "Abicht, Aruna Sophia"]
[Result "1/2-1/2"]
[Termination "normal"]
[Board "37"]
[WhiteElo "825"]
[BlackElo "892"]
[PlyCount "42"]
[WhiteFideId "12987689"]
[EventCountry "GER"]
[EventRounds "9"]
[EventType "swiss"]
[EventDate "2012.05.26"]

1. e4 e5 2. Nf3 Nc6 3. Bc4 Nd4 4. Nxd4 exd4 5. O-O Nf6 6. d3 Be7 7. e5 d5 8.
Bb3 Nd7 9. Bf4 Nc5 10. Nd2 Nxb3 11. Nxb3 c5 12. Nd2 O-O 13. Re1 Bf5 14. Nf3 h6
15. Qd2 Bg4 16. Qe2 Bxf3 17. Qxf3 c4 18. Qh3 Qc8 19. Qh5 cxd3 20. cxd3 Kh7 21.
Rac1 Qd7 1/2-1/2

[Event "ODEM U25B 2012"]
[Site "Oberhof GER"]
[Date "2012.06.02"]
[Round "9"]
[White "Weiten, Katharina"]
[Black "Bossert, Moritz"]
[Result "1/2-1/2"]
[Termination "normal"]
[Board "38"]
[WhiteElo "882"]
[BlackElo "787"]
[PlyCount "76"]
[WhiteFideId "12971979"]
[BlackFideId "16239946"]
[EventCountry "GER"]
[EventRounds "9"]
[EventType "swiss"]
[EventDate "2012.05.26"]

1. e4 e6 2. d4 d5 3. Nd2 c5 4. c3 Nc6 5. Ngf3 Nf6 6. e5 Nd7 7. Bd3 c4 8. Bc2 b5
9. O-O a6 10. Re1 Bb7 11. Nf1 g6 12. Ng3 Bg7 13. Bf4 O-O 14. b3 cxb3 15. axb3
b4 16. cxb4 Nxb4 17. Bb1 Rc8 18. Bd2 Nc6 19. Bd3 Ne7 20. Bxa6 Bxa6 21. Rxa6 Ra8
22. Rxa8 Qxa8 23. Qe2 Rb8 24. Rb1 Qa2 25. Qd1 Nf8 26. b4 Qc4 27. Qb3 Qxb3 28.
Rxb3 Ra8 29. b5 Ra1+ 30. Ne1 Bh6 31. Bc3 Rc1 32. h3 Nd7 33. Ne2 Rd1 34. b6 Nb8
35. Kh2 Bd2 36. Bxd2 Rxd2 37. Nc1 Rxd4 38. Ncd3 Kg7 1/2-1/2

[Event "ODEM U25B 2012"]
[Site "Oberhof GER"]
[Date "2012.06.02"]
[Round "9"]
[White "Gazizov, Erik"]
[Black "Vuckovic, Robert"]
[Result "0-1"]
[Termination "normal"]
[Board "40"]
[WhiteElo "747"]
[BlackElo "1081"]
[PlyCount "60"]
[WhiteFideId "12951358"]
[BlackFideId "12998680"]
[EventCountry "GER"]
[EventRounds "9"]
[EventType "swiss"]
[EventDate "2012.05.26"]

1. e4 e6 2. d4 d5 3. exd5 exd5 4. Nc3 c6 5. Nf3 Bd6 6. Bg5 f6 7. Bxf6 Qxf6 8.
g3 Ne7 9. Bg2 O-O 10. O-O Bg4 11. Re1 Bxf3 12. Qxf3 Qxf3 13. Bxf3 Rxf3 14. Ne4
dxe4 15. Rxe4 Nd7 16. Kg2 Raf8 17. Re2 c5 18. c3 b5 19. Rd1 Nb6 20. b3 a5 21.
a3 Rxc3 22. b4 axb4 23. axb4 cxb4 24. Re3 Rc2 25. Rde1 Rfxf2+ 26. Kg1 Ned5 27.
Re6 Bc7 28. Rc1 Nc4 29. Rc6 b3 30. Rxc4 b2 0-1

[Event "ODEM U25B 2012"]
[Site "Oberhof GER"]
[Date "2012.06.02"]
[Round "9"]
[White "Lohrmann, Linus"]
[Black "Kluge, Helene"]
[Result "0-1"]
[Termination "normal"]
[Board "41"]
[WhiteElo "824"]
[BlackElo "827"]
[PlyCount "52"]
[WhiteFideId "12982857"]
[BlackFideId "12983179"]
[EventCountry "GER"]
[EventRounds "9"]
[EventType "swiss"]
[EventDate "2012.05.26"]

1. d4 d5 2. Nf3 Nf6 3. Bg5 h6 4. Bh4 Nc6 5. Nc3 b6 6. Bxf6 exf6 7. Nxd5 Qxd5 8.
Qd3 Bb7 9. Qe3+ Be7 10. O-O-O O-O-O 11. Qf4 Kb8 12. e4 Qxa2 13. Kd2 Qxb2 14.
Qg4 g5 15. Bd3 Nxd4 16. Rb1 Nxf3+ 17. Qxf3 Qd4 18. Qe3 Qe5 19. Qg3 Qxe4 20. Qf3
Qxf3 21. gxf3 Bxf3 22. Rhg1 Bc5 23. Rgf1 Bd6 24. Be2 Bxh2+ 25. Ke1 Rhe8 26. Rd1
Rxe2# 0-1

[Event "ODEM U25A 2012"]
[Site "Oberhof GER"]
[Date "2012.05.27"]
[Round "2"]
[White "Baier, Christoph"]
[Black "Figura, Atila Gajo"]
[Result "1/2-1/2"]
[Termination "normal"]
[Board "1"]
[BlackTitle "FM"]
[WhiteElo "1927"]
[BlackElo "2351"]
[PlyCount "179"]
[WhiteFideId "24655759"]
[BlackFideId "4688058"]
[EventCountry "GER"]
[EventRounds "9"]
[EventType "swiss"]
[EventDate "2012.05.26"]

1. d4 Nf6 2. Nf3 d6 3. c4 Nbd7 4. Nc3 e5 5. e4 g6 6. dxe5 dxe5 7. Be2 Bb4 8.
Qc2 O-O 9. O-O c6 10. Bg5 Qc7 11. Rfd1 Bxc3 12. bxc3 Re8 13. Rd2 Nh5 14. Rad1
Nf4 15. Bf1 f6 16. Bxf4 exf4 17. Nd4 Ne5 18. f3 Qe7 19. Qb3 Kh8 20. a4 Rb8 21.
Kh1 Be6 22. Nxe6 Qxe6 23. Qb4 g5 24. h3 h5 25. Rd6 Qf7 26. Be2 Rg8 27. R1d2
Rbe8 28. c5 Rg7 29. Qd4 Qg6 30. Rd8 Rgg8 31. Rxe8 Rxe8 32. Qd6 Qf7 33. a5 a6
34. Kg1 Kg7 35. Qd4 Re7 36. Qb4 Qg6 37. Rd6 Nf7 38. Rd4 Qh6 39. Qb1 Ne5 40. Qd1
Qg6 41. Kf1 Qf7 42. Qb1 Rd7 43. Qc2 Qe7 44. Qb3 Rc7 45. Qb4 Kg6 46. Kf2 Rc8 47.
Kf1 Rh8 48. Rd6 Qf7 49. Qa4 Re8 50. Kf2 Re7 51. Kf1 Qg8 52. Kf2 Qh8 53. Qd1 Qg8
54. Qa4 g4 55. hxg4 hxg4 56. fxg4 Qh7 57. Qd1 Qh4+ 58. Kf1 Qh1+ 59. Kf2 Qxd1
60. Rxd1 Nd7 61. Kf3 Nxc5 62. Rd4 Kg5 63. Rb4 Nd7 64. g3 Ne5+ 65. Kg2 c5 66.
Rb6 f3+ 67. Bxf3 Nc4 68. Rb1 Nxa5 69. Rh1 Kg6 70. Rh5 Re5 71. Rh8 c4 72. Kf2
Rb5 73. Ke3 Nc6 74. Be2 Rb3 75. Kd2 Rb2+ 76. Ke3 Rc2 77. Rg8+ Kh6 78. g5+ fxg5
79. g4 b5 80. Rc8 Ne5 81. Ra8 Ng6 82. Rxa6 Rxc3+ 83. Kd2 Rb3 84. Bd1 Rd3+ 85.
Kc1 Kg7 86. Rb6 Rc3+ 87. Kb2 Rd3 88. Kc1 Rc3+ 89. Kb2 Rd3 90. Kc1 1/2-1/2

[Event "ODEM U25A 2012"]
[Site "Oberhof GER"]
[Date "2012.05.27"]
[Round "2"]
[White "Valet, Alexander"]
[Black "Nötzel, Felix"]
[Result "0-1"]
[Termination "normal"]
[Board "2"]
[WhiteElo "1910"]
[BlackElo "2106"]
[PlyCount "60"]
[WhiteFideId "24682560"]
[BlackFideId "24637416"]
[EventCountry "GER"]
[EventRounds "9"]
[EventType "swiss"]
[EventDate "2012.05.26"]

1. g3 d5 2. Bg2 e5 3. d3 Nf6 4. Bg5 c6 5. e3 Bd6 6. Ne2 Nbd7 7. Nd2 h6 8. Bxf6
Nxf6 9. c4 Be6 10. O-O Qd7 11. a3 Bh3 12. b4 h5 13. cxd5 cxd5 14. e4 h4 15. Nf3
Bxg2 16. Kxg2 hxg3 17. fxg3 Ng4 18. Qd2 Nxh2 19. Nxh2 Qh3+ 20. Kf3 Qh5+ 21. Ng4
f5 22. exf5 Qxf5+ 23. Kg2 Qxg4 24. Rh1 O-O-O 25. Raf1 e4 26. Qc2+ Kb8 27. dxe4
dxe4 28. Nf4 Rxh1 29. Kxh1 Qxg3 30. Qh2 Bxf4 0-1

[Event "ODEM U25A 2012"]
[Site "Oberhof GER"]
[Date "2012.05.27"]
[Round "2"]
[White "Holle, Cedric"]
[Black "Kieslich, Aaron"]
[Result "1-0"]
[Termination "normal"]
[Board "4"]
[WhiteElo "1840"]
[BlackElo "1979"]
[PlyCount "79"]
[WhiteFideId "24692158"]
[BlackFideId "1270391"]
[EventCountry "GER"]
[EventRounds "9"]
[EventType "swiss"]
[EventDate "2012.05.26"]

1. e4 c5 2. Nf3 d6 3. d4 cxd4 4. Nxd4 Nf6 5. Nc3 a6 6. Bg5 e6 7. f4 Be7 8. Qf3
Qc7 9. Be2 Nbd7 10. O-O-O b5 11. Bxf6 Nxf6 12. e5 Bb7 13. exf6 Bxf3 14. Bxf3
Bxf6 15. Bxa8 d5 16. Bxd5 Qxf4+ 17. Kb1 Bxd4 18. Bc6+ Kf8 19. Ne2 Qc7 20. Nxd4
g6 21. Rhe1 e5 22. Nf3 Qxc6 23. Nxe5 Qxg2 24. Rd7 Qxh2 25. Rxf7+ Kg8 26. Rb7
Qg2 27. Rc7 Kf8 28. Rd1 Ke8 29. Rc8+ Ke7 30. Rxh8 Qe2 31. Rxh7+ Ke6 32. Rhh1 g5
33. Rde1 Qg2 34. Rhg1 Qb7 35. Rxg5 Qc7 36. Nf3+ Kf6 37. Nd4 Qd7 38. Rf5+ Kg6
39. Rg1+ Kh6 40. Rf2 1-0

[Event "ODEM U25A 2012"]
[Site "Oberhof GER"]
[Date "2012.05.27"]
[Round "2"]
[White "Ott, Florian"]
[Black "Peters, Tom"]
[Result "1/2-1/2"]
[Termination "normal"]
[Board "5"]
[WhiteElo "1976"]
[BlackElo "1786"]
[PlyCount "68"]
[WhiteFideId "12900281"]
[BlackFideId "24694444"]
[EventCountry "GER"]
[EventRounds "9"]
[EventType "swiss"]
[EventDate "2012.05.26"]

1. d4 Nf6 2. c4 e6 3. g3 d5 4. Bg2 Bb4+ 5. Bd2 Be7 6. Nf3 O-O 7. O-O c6 8. Qc2
b6 9. Bf4 Bb7 10. Rd1 Nbd7 11. b3 Rc8 12. Nc3 c5 13. Nb5 a6 14. Nd6 Bxd6 15.
Bxd6 Re8 16. dxc5 bxc5 17. cxd5 exd5 18. Rac1 Ne4 19. Bf4 Qb6 20. Bh3 Rcd8 21.
Ng5 Ndf6 22. Bf5 c4 23. Nxe4 Nxe4 24. Bxe4 Rxe4 25. bxc4 Rxc4 26. Rb1 Rxc2 27.
Rxb6 Ba8 28. Rdb1 Rxe2 29. Rb8 Ree8 30. Kf1 Rxb8 31. Rxb8 Rxb8 32. Bxb8 f5 33.
Ke2 Kf7 34. Ke3 Ke6 1/2-1/2

[Event "ODEM U25A 2012"]
[Site "Oberhof GER"]
[Date "2012.05.27"]
[Round "2"]
[White "Lansky, Georg"]
[Black "Feldheim, Jonas"]
[Result "0-1"]
[Termination "normal"]
[Board "6"]
[WhiteElo "1792"]
[BlackElo "2005"]
[PlyCount "81"]
[WhiteFideId "1270625"]
[BlackFideId "24697583"]
[EventCountry "GER"]
[EventRounds "9"]
[EventType "swiss"]
[EventDate "2012.05.26"]

1. e4 c5 2. Nf3 g6 3. d4 cxd4 4. Nxd4 Bg7 5. Nc3 Nc6 6. Be3 Nf6 7. Be2 O-O 8.
Qd2 d5 9. exd5 Nxd5 10. Nxc6 bxc6 11. Bd4 e5 12. Bc5 Re8 13. O-O-O Be6 14. Bf3
Qa5 15. Nxd5 Qxa2 16. Qd3 cxd5 17. Bxd5 Bxd5 18. Qxd5 Qa1+ 19. Kd2 Rad8 20.
Rxa1 Rxd5+ 21. Kc1 Rxc5 22. Rxa7 Rd8 23. c3 Bh6+ 24. Kb1 Rd2 25. Rf1 Rc8 26. g3
Rb8 27. b4 Rc8 28. Ra3 e4 29. h4 Bg7 30. Kc1 Re2 31. Kd1 Rb2 32. Re1 Rxc3 33.
Ra8+ Bf8 34. Rxe4 Kg7 35. Ree8 Bxb4 36. g4 Ra3 37. Rxa3 Bxa3 38. Ke1 Bb4+ 39.
Kf1 Bc5 40. Re2 Rxe2 41. Kxe2 0-1

[Event "ODEM U25A 2012"]
[Site "Oberhof GER"]
[Date "2012.05.27"]
[Round "2"]
[White "Adelhütte, Dennis"]
[Black "Gubela, Hans-Erich Constantin"]
[Result "1/2-1/2"]
[Termination "normal"]
[Board "7"]
[WhiteElo "1982"]
[BlackElo "1740"]
[PlyCount "57"]
[WhiteFideId "4661265"]
[BlackFideId "24692140"]
[EventCountry "GER"]
[EventRounds "9"]
[EventType "swiss"]
[EventDate "2012.05.26"]

1. e4 e5 2. Bc4 Bc5 3. Nf3 Nc6 4. d3 d6 5. c3 a6 6. b4 Ba7 7. a4 h6 8. Be3 Bxe3
9. fxe3 Nf6 10. O-O O-O 11. Qe1 Qe7 12. Nbd2 Be6 13. Bxe6 Qxe6 14. Nh4 Ne7 15.
Qg3 Qg4 16. Qxg4 Nxg4 17. Rf3 b5 18. h3 Nf6 19. Nf5 Nxf5 20. Rxf5 a5 21. Rf2
axb4 22. cxb4 Rxa4 23. Rxa4 bxa4 24. Nc4 Rb8 25. Rb2 Nd7 26. d4 f6 27. Kf2 Kf7
28. Ke2 Nb6 29. Na5 1/2-1/2

[Event "ODEM U25A 2012"]
[Site "Oberhof GER"]
[Date "2012.05.27"]
[Round "2"]
[White "Reimers, Juri"]
[Black "Zimmermann, Christian"]
[Result "0-1"]
[Termination "normal"]
[Board "8"]
[WhiteElo "1729"]
[BlackElo "1878"]
[PlyCount "24"]
[WhiteFideId "24661511"]
[BlackFideId "24692069"]
[EventCountry "GER"]
[EventRounds "9"]
[EventType "swiss"]
[EventDate "2012.05.26"]

1. e4 c5 2. Nf3 d6 3. d4 cxd4 4. Nxd4 Nf6 5. Nc3 g6 6. Be3 Bg7 7. f3 O-O 8. Qd2
Nc6 9. Bc4 Bd7 10. O-O-O Rc8 11. Kb1 Nxd4 12. Qxd4 Ng4 0-1

[Event "ODEM U25A 2012"]
[Site "Oberhof GER"]
[Date "2012.05.27"]
[Round "2"]
[White "Pererva, Viktor"]
[Black "Usczeck, Lukas"]
[Result "1-0"]
[Termination "normal"]
[Board "9"]
[WhiteElo "1967"]
[BlackElo "1766"]
[PlyCount "45"]
[WhiteFideId "24696463"]
[BlackFideId "12937827"]
[EventCountry "GER"]
[EventRounds "9"]
[EventType "swiss"]
[EventDate "2012.05.26"]

1. e4 d5 2. exd5 Qxd5 3. Nc3 Qa5 4. d4 Nf6 5. Nf3 Bg4 6. h3 Qh5 7. hxg4 Qxh1 8.
Ne2 Nh5 9. gxh5 Qxh5 10. Nf4 Qa5+ 11. Bd2 Qb6 12. Nd5 Qd6 13. Bc4 Na6 14. Bf4
Qd8 15. Qe2 e6 16. Bb5+ c6 17. Bxa6 Qxd5 18. Bxb7 Rd8 19. Ne5 Qxd4 20. Bxc6+
Ke7 21. Nd3 f6 22. O-O-O Kf7 23. Ne5+ 1-0

[Event "ODEM U25A 2012"]
[Site "Oberhof GER"]
[Date "2012.05.27"]
[Round "2"]
[White "Hollatz, Michael"]
[Black "Münch, Robert"]
[Result "0-1"]
[Termination "normal"]
[Board "10"]
[WhiteElo "1653"]
[BlackElo "1953"]
[PlyCount "64"]
[WhiteFideId "4622820"]
[BlackFideId "4626028"]
[EventCountry "GER"]
[EventRounds "9"]
[EventType "swiss"]
[EventDate "2012.05.26"]

1. e4 c5 2. Nf3 Nc6 3. d4 cxd4 4. Nxd4 g6 5. Nc3 Bg7 6. Be3 Nf6 7. f3 O-O 8.
Qd2 Qa5 9. g4 d6 10. Be2 Nxd4 11. Bxd4 Rd8 12. h4 e5 13. Be3 d5 14. Nxd5 Qxd2+
15. Bxd2 Nxd5 16. exd5 Rxd5 17. O-O-O Be6 18. h5 Rad8 19. hxg6 hxg6 20. b3 Bf6
21. Bc4 Rxd2 22. Rxd2 Bg5 23. Rhh2 Bxc4 24. bxc4 Rxd2 25. Rxd2 f5 26. Kd1 Bxd2
27. Kxd2 Kf7 28. Kd3 Kf6 29. c5 Kg5 30. gxf5 gxf5 31. Ke3 Kf6 32. f4 e4 0-1

[Event "ODEM U25A 2012"]
[Site "Oberhof GER"]
[Date "2012.05.27"]
[Round "2"]
[White "Giraud, Valerian"]
[Black "Myagkov, Kirill"]
[Result "1-0"]
[Termination "normal"]
[Board "11"]
[WhiteElo "1914"]
[BlackElo "1861"]
[PlyCount "77"]
[WhiteFideId "12920355"]
[BlackFideId "24657042"]
[EventCountry "GER"]
[EventRounds "9"]
[EventType "swiss"]
[EventDate "2012.05.26"]

1. Nf3 Nf6 2. d4 e6 3. c4 b6 4. g3 Bb7 5. Bg2 Be7 6. O-O O-O 7. Nc3 Ne4 8. Qc2
Nxc3 9. Qxc3 f5 10. b3 Bf6 11. Bb2 c5 12. Qd2 cxd4 13. Bxd4 Bxd4 14. Nxd4 Bxg2
15. Kxg2 Nc6 16. Rfd1 Qf6 17. Nb5 Rad8 18. Qc3 e5 19. Rd6 Qe7 20. Qd2 f4 21.
Rd1 Nd4 22. Rd5 Nxe2 23. Rxd7 Rxd7 24. Qxd7 Qf6 25. Qd6 Qf5 26. Qd7 Qe4+ 27. f3
Qg6 28. Qd3 fxg3 29. Qxe2 gxh2+ 30. Kh1 Qh5 31. Rf1 Qh3 32. Nc3 g5 33. Ne4 g4
34. Qg2 Qxg2+ 35. Kxg2 gxf3+ 36. Kxh2 Rf4 37. Nd2 f2 38. Kg3 h5 39. Nf3 1-0

[Event "ODEM U25A 2012"]
[Site "Oberhof GER"]
[Date "2012.05.27"]
[Round "2"]
[White "Humburg, Philipp"]
[Black "Martin, Raphael"]
[Result "1-0"]
[Termination "normal"]
[Board "12"]
[WhiteElo "1840"]
[BlackElo "1511"]
[PlyCount "118"]
[WhiteFideId "24656151"]
[BlackFideId "12952036"]
[EventCountry "GER"]
[EventRounds "9"]
[EventType "swiss"]
[EventDate "2012.05.26"]

1. e4 e5 2. Nf3 Nc6 3. Bb5 a6 4. Ba4 Nf6 5. Qe2 b5 6. Bb3 Be7 7. c3 O-O 8. d3
Na5 9. Bc2 d6 10. O-O Bg4 11. h3 Bh5 12. g4 Bg6 13. Nh4 Nd7 14. Nf5 Kh8 15. f4
f6 16. Be3 Rg8 17. Kh1 Nb6 18. b4 Nb7 19. Bb3 Rf8 20. Qf2 c5 21. Nd2 Rc8 22.
Nf3 Nd7 23. Bd5 Rc7 24. N3h4 Bf7 25. Nxe7 Qxe7 26. Nf5 Qd8 27. Bxb7 Rxb7 28.
Nxd6 Rc7 29. f5 cxb4 30. cxb4 Rc3 31. Qd2 Rc6 32. Nxf7+ Rxf7 33. Rac1 Qc7 34.
Rxc6 Qxc6 35. Rc1 Qd6 36. Rc8+ Rf8 37. Qc3 h6 38. Rc6 Qe7 39. Rxa6 Rb8 40. Ra7
Qd6 41. a3 Rd8 42. Rb7 Nf8 43. Bc5 Qc6 44. Rb6 Qd7 45. Qb3 Qxd3 46. Qxd3 Rxd3
47. Bxf8 Rxh3+ 48. Kg2 Rxa3 49. Rxb5 Re3 50. Rb7 Rxe4 51. Bxg7+ Kg8 52. Kf3
Rf4+ 53. Kg3 Rxb4 54. Rxb4 Kxg7 55. Rb7+ Kf8 56. Kh4 e4 57. Kh5 e3 58. Kg6 e2
59. Rb1 Ke7 1-0